Movies Quiz

Random Movies or Actor Quiz
Score 0/48 Timer 10:00
0 Plays Today
% Correct
Leonardo DiCaprio
95.3%
Owen Wilson
92.4%
Vince Vaughn
90.5%
Tom Hanks
90.5%
Bradley Cooper
89.5%
Tim Allen
87.5%
Tobey Maguire
86.6%
Elijah Wood
86.4%
Uma Thurman
85%
Joseph Gordon-Levitt
78.7%
Ellen Page
76.9%
Penélope Cruz
75%
Lucy Liu
74.8%
Freddie Prinze Jr.
72.7%
Sarah Michelle Gellar
72%
Sean Astin
71.9%
James Franco
71%
Zach Galifianakis
69.8%
Halle Berry
69.3%
Ed Helms
67.5%
Rachel McAdams
66.8%
Patrick Stewart
65.3%
Abigail Breslin
62.9%
Tom Hardy
62.4%
% Correct
Javier Bardem
62%
Natalie Portman
61.5%
Scarlett Johansson
60.9%
Julia Roberts
60%
Clive Owen
58.4%
Isla Fisher
57.6%
Alan Arkin
56.4%
Jude Law
55.8%
Greg Kinnear
54.1%
Topher Grace
53.3%
Daryl Hannah
51.3%
Joan Cusack
46.1%
Toni Collette
45.2%
Vivica A. Fox
44.9%
Thomas Haden Church
42.2%
James Marsden
41.6%
Matthew Lillard
41.3%
Dominic Monaghan
41.3%
Famke Janssen
39%
Justin Bartha
34.3%
Kelsey Grammer
32.3%
Billy Boyd
29.3%
Rebecca Hall
21.9%
Linda Cardellini
21.8%
Remove Ads.
Support Sporcle.
Get the best of Sporcle when you Go Orange. This ad-free experience offers more features, more stats, and more fun while also helping to support Sporcle. Thank you for becoming a member.

You're not logged in!

Compare scores with friends on all Sporcle quizzes.
OR
Log In

Show Comments

Extras

Top Quizzes Today


Score Distribution

Your Account Isn't Verified!

In order to create a playlist on Sporcle, you need to verify the email address you used during registration. Go to your Sporcle Settings to finish the process.

Report this User

Report this user for behavior that violates our Community Guidelines.

Details: